000 01650nam a2200337Ia 4500
001 ebr10135418
003 CaPaEBR
006 m u
007 cr cn|||||||||
008 040728s2005 nyua sb 001 0 eng d
010 _z 2004053522
020 _z1403978905
020 _z1403966621
040 _aCaPaEBR
_cCaPaEBR
035 _a(OCoLC)560461185
050 1 4 _aHQ1391.U5
_bJ65 2005eb
082 0 4 _a305.43/32873
_222
100 1 _aJones Evans, Jocelyn.
245 1 0 _aWomen, partisanship, and the Congress
_h[electronic resource] /
_cJocelyn Jones Evans.
260 _aNew York :
_bPalgrave Macmillan,
_c2005.
300 _axii, 161 p. :
_bill.
504 _aIncludes bibliographical references and index.
505 0 _a1. Does partisanship impact women's legislative behavior? -- 2. Does partisanship shape women's experience in the district? : the electoral connection -- 3. Do women in congress vote alike? : the institutional connection -- 4. Does partisanship shape women's participation in the party organization? : the organizational connection -- 5. The matrix of women's participation in congress.
533 _aElectronic reproduction.
_bPalo Alto, Calif. :
_cebrary,
_d2011.
_nAvailable via World Wide Web.
_nAccess may be limited to ebrary affiliated libraries.
610 1 0 _aUnited States.
_bCongress.
650 0 _aWomen legislators
_zUnited States.
650 0 _aWomen
_xPolitical activity
_zUnited States.
655 7 _aElectronic books.
_2local
710 2 _aebrary, Inc.
856 4 0 _uhttp://site.ebrary.com/lib/rucke/Doc?id=10135418
_zAn electronic book accessible through the World Wide Web; click to view
999 _c187584
_d187584